00634 2200241 4500001002100000005001500021035002000036007000300056008004100059020002200100082000800122084001400130100001800144245005300162250001000215260005100225300003200276650001300308700002600321700001700347990001400364990001400378INLIS00000000003433420251203013107 a0010-1225000136ta251203 g 0 ind  a978-623-134-157-0 a101 a101 LIL f0 aLili Tjahjadi1 aFilsafat Maut :bEmpat Renungan Untuk Hidup Baik acet 1 aJakarta :bKepustakaan Populer Gramedia,c2024 aviii+136hlm :b- ;c13x20cm 4aFilsafat0 aFitzerland K. Sitorus0 aSetyo Wibowo aB00825664 aB00825665